Szczegóły MARC21

Frau Welt, ich hab von dir getrunken : Gedichte /

003 -Nazwa inst., której nr kontr. jest w polu 001 [,]
    • @
    • Nazwa instytucji, której n kontrolny jest w polu 001
    • NUKAT
005 -DATA I CZAS OSTATNIEJ MODYFIKACJI [,]
    • @
    • pole kontrolne
    • 20250710212820.0
020 -Międzynarod. znormalizowany nr książki - ISBN [ , ]
    • a
    • Numer ISBN
    • 3352001987 Find
040 -Instytucja sporządzająca opis [ , ]
    • a
    • Instytucja, która sporządziła opis (NP)
    • SZCZ U/AB
    • b
    • Język katalogowania
    • pol
    • e
    • Zasady katalogowania
    • rda
    • c
    • Instytucja, która sporządziła rekord (NP)
    • SZCZ U/ABs
041 -Język dokumentu [1, ]
    • a
    • Język tekstu (P)
    • niemiecki
    • a
    • Język tekstu (P)
    • niemiecki, średnio-wysoko- (ok. 1050-1500)
    • h
    • Język tekstu oryginalnego i/lub pośredniego (P)
    • niemiecki, średnio-wysoko- (ok. 1050-1500)
942 -Rodzaj dokumentu [ , ]
    • c
    • Rodzaj dokumentu
    • Książka
100 -Hasło główne - nazwa osobowa [0, ]
    • a
    • Nazwa osobowa (NP)
    • Walther von der Vogelweide
    • d
    • Daty biograficzne (NP)
    • (około 1170-około 1230).
    • e
    • Rodzaj współpracy
    • Autor
    • 9
    • KHW
    • 256623
245 -Strefa tytułu i oznaczenia odpowiedzialności [1,0]
    • a
    • Tytuł
    • Frau Welt, ich hab von dir getrunken : Find
    • b
    • Ciąg dalszy tytułu (NP)
    • Gedichte / Find
    • c
    • Pozostałe elementy strefy tytułu i oznaczenia odpowiedzialności (NP)
    • Walter von der Vogelweide ; herausgegeben und übertragen von Hubert Witt.
250 -Strefa wydania [ , ]
    • a
    • Oznaczenie wydania (NP)
    • 4. Auflage.
260 -Strefa adresu wydawniczego [ , ]
    • a
    • Miejsce wydania (P)
    • Berlin :
    • b
    • Nazwa wydawcy (P)
    • Rütten & Loening,
    • c
    • Data wydania (P)
    • 1988.
300 -Strefa opisu fizycznego [ , ]
    • a
    • Określenie formy książki i/lub objętość (NP)
    • XLIV, [2], 356, [2] strony, (17) kart tablic kolorowych :
    • b
    • Oznaczenie ilustracji (NP)
    • ilustracje ;
    • c
    • Format (NP)
    • 21 cm.
336 -Typ zawartości [ , ]
    • a
    • Termin opisujący typ zawartości
    • Tekst
    • b
    • Kod określający zawartość
    • txt
    • 2
    • Źródło (terminu i kodu)
    • rdacontent
337 -Typ mediów [ , ]
    • a
    • Tryb odtwarzania
    • Bez urządzenia pośredniczącego
    • b
    • Kod typu mediów
    • n
    • 2
    • Źródło (terminu i kodu)
    • rdamedia
338 -Typ/rodzaj nośnika [ , ]
    • a
    • Hasło opisujące typ nośnika
    • Wolumin
    • b
    • Kod typu nośnika
    • nc
    • 2
    • Źródło (terminu i kodu)
    • rdacarrier
380 -Deskryptor - Forma dzieła (P) [ , ]
    • a
    • forma dzieła (NP)
    • Poezja
546 -Uwaga dot. języka [ , ]
    • a
    • Uwaga dot. języka
    • Tekst równoległy w języku średnio-wysoko-niemieckim z transkrypcją na współczesny niemiecki.
080 -Uniwersalna Klasyfikacja Dziesiętna [ , ]
    • a
    • Symbol klasyfikacji
    • 830-1(081)"12"=30
080 -Uniwersalna Klasyfikacja Dziesiętna [ , ]
    • a
    • Symbol klasyfikacji
    • +830(091)"12"=30
650 -Hasło przedmiotowe [ ,7]
    • a
    • Hasło przedmiotowe
    • Poezja niemiecka
    • y
    • Określnik chronologiczny
    • 1050-1500 (średnio-wysoko-niemiecka).
    • 2
    • Źródło terminu
    • kaba
    • 9
    • KHW
    • 124425
980 -Symbol UKD [ , ]
    • a
    • UKD
    • 830-1(081)+830(091)]"12"=30
700 -Hasło dodatkowe - nazwa osobowa [1, ]
    • a
    • Nazwa osobowa (NP)
    • Witt, Hubert Find
    • d
    • Daty biograficzne (NP)
    • (1935- ).
    • e
    • Określenie rodzaju współpracy
    • Redakcja
    • e
    • Określenie rodzaju współpracy
    • Tłumaczenie
    • 9
    • KHW
    • 503208
710 -Hasło dodatkowe - nazwa ciała zbiorowego [2, ]
    • a
    • Nazwa ciała zbiorowego lub nazwa geograficzna jako pierwszy element (NP)
    • Literarische Anstalt Rütten & Loening.
    • e
    • Rodzaj współpracy
    • Wydawca
    • 4
    • Kod relacji
    • pbl
    • 9
    • KHW
    • 64188
920 -ISBN [ , ]
    • a
    • ISBN
    • 3-352-00198-7 Find
Numer inwentarzowy Status udost. Data inwentaryzacji Lokalizacja Sygnatura
W.166131-32000-06-05BGW.166131
G.5670-32000-06-05BMGerm. Poezja